Microeconomics : (Record no. 345987)
[ view plain ]
| 000 -LEADER | |
|---|---|
| fixed length control field | 01721 a2200241 4500 |
| 020 ## - INTERNATIONAL STANDARD BOOK NUMBER | |
| International Standard Book Number | 032426044X |
| 020 ## - INTERNATIONAL STANDARD BOOK NUMBER | |
| International Standard Book Number | 9780324260441 |
| 082 04 - DEWEY DECIMAL CLASSIFICATION NUMBER | |
| Classification number | 330 |
| 090 ## - LOCALLY ASSIGNED LC-TYPE CALL NUMBER (OCLC); LOCAL CALL NUMBER (RLIN) | |
| -- | 3511 |
| -- | 3511 |
| 100 1# - MAIN ENTRY--PERSONAL NAME | |
| Personal name | Hall, Robert E. |
| 245 10 - TITLE STATEMENT | |
| Title | Microeconomics : |
| Remainder of title | principles and applications / |
| Statement of responsibility, etc. | Robert E. Hall. |
| 250 ## - EDITION STATEMENT | |
| Edition statement | 3nd ed. |
| 260 ## - PUBLICATION, DISTRIBUTION, ETC. | |
| Place of publication, distribution, etc. | [S.l.] : |
| Name of publisher, distributor, etc. | South-Western College Pub, |
| Date of publication, distribution, etc. | 2004. |
| 300 ## - PHYSICAL DESCRIPTION | |
| Extent | 608 p. ; |
| Dimensions | 26 cm. |
| 490 1# - SERIES STATEMENT | |
| Series statement | With infotrac. |
| 500 ## - GENERAL NOTE | |
| General note | Paperback. |
| 520 ## - SUMMARY, ETC. | |
| Summary, etc. | This is a no-nonsense principles book that emphasizes economic theory and applications. The book is a study tool for students and the pedagogical approach and in-text features were chosen to reinforce that theme. It provides students with a picture of economics as a unified discipline, a set of interrelated tools and ideas that can be used to look at the world in a different way, and the less-is-more approach has been carefully crafted in both content and supporting pedagogy to keep students focused on learning and applying the central ideas used in economic analysis. It teaches students how to use analytical processes in developing their own economic analysis skills. Hall/Lieberman's careful focus on core theoretical ideas, as well as their systematic application of theoretical tools to timely real-world questions, conveys the message that economics is an integrated, powerful body of knowledge that can be used to address domestic and global issues. |
| 700 1# - ADDED ENTRY--PERSONAL NAME | |
| Personal name | Lieberman, Marc. |
| 830 #0 - SERIES ADDED ENTRY--UNIFORM TITLE | |
| Uniform title | With infotrac. |
| 856 40 - ELECTRONIC LOCATION AND ACCESS | |
| Materials specified | Amazon.com |
| Uniform Resource Identifier | <a href="http://www.amazon.com/exec/obidos/ASIN/032426044X/chopaconline-20">http://www.amazon.com/exec/obidos/ASIN/032426044X/chopaconline-20</a> |
| 856 40 - ELECTRONIC LOCATION AND ACCESS | |
| Materials specified | Amazon customer reviews |
| Uniform Resource Identifier | <a href="http://www.chopac.org/cgi-bin/tools/azrev.pl?q=032426044X">http://www.chopac.org/cgi-bin/tools/azrev.pl?q=032426044X</a> |
| 942 ## - ADDED ENTRY ELEMENTS (KOHA) | |
| Institution code [OBSOLETE] | NBS |
| Koha item type | Book |
| Call number prefix | 338.5 HAL |
| Withdrawn status | Lost status | Damaged status | Not for loan | Permanent Location | Current Location | Date acquired | Total Checkouts | Full call number | Barcode | Date last seen | Date last checked out | Price effective from | Koha item type |
|---|---|---|---|---|---|---|---|---|---|---|---|---|---|
| Central Library (CL) | Central Library (CL) | 08/28/2013 | 2 | 338.5 HAL | NBS6624 | 09/13/2021 | 10/15/2018 | 08/28/2013 | Book |
